| 000 | 00809cam a22002057a 4500 | ||
|---|---|---|---|
| 999 |
_c7583 _d7583 |
||
| 003 | OSt | ||
| 005 | 20200316135000.0 | ||
| 008 | 130412s2013 enkab b 001 0 eng d | ||
| 020 | _a9780199663415 (pbk.) | ||
| 040 |
_aNLE _beng _cNLE _dCDX _dGUA _dDLC |
||
| 082 | 0 | 4 |
_a614.4 _223 _bIRE |
| 245 | 0 | 0 |
_aEssentials of environmental epidemiology for health protection : _ba handbook for field professionals / _cedited by Irene A. Kreis ... [et al.]. |
| 260 |
_aOxford : _bOxford University Press, _c2013. |
||
| 300 |
_axvii, 275 p. : _bill. (some col.), maps ; _c25 cm. |
||
| 504 | _aIncludes bibliographical references and index. | ||
| 650 | 0 |
_aEnvironmentally induced diseases _xEpidemiology _xResearch _xMethodology. |
|
| 650 | 0 |
_aEnvironmental health _xResearch _xMethodology. |
|
| 700 | 1 | _aKreis, Irene A. | |
| 942 | _2ddc | ||